Complete the Book Title (Number) - Statistics

General Stats
  • This quiz has been taken 67 times
  • The average score is 7 of 10
Answer Stats
Novel % Correct
The {Three} Musketeers
98%
Catch-{22}
95%
Around The World In {Eighty} Days
93%
{Twenty Thousand} Leagues Under The Sea
90%
{Twelve} Years A Slave
83%
Ready Player {One}
76%
I Am Number {Four}
59%
The {Thirty-Nine} Steps
56%
{Five} Children And It
51%
{84} Charing Cross Road
27%
No matching quizzes found
Score Distribution
Percent of People with Each Score
Percentile by Number Answered
Your Score History
You have not taken this quiz